| 000 | 00512nam a2200205Ia 4500 | ||
|---|---|---|---|
| 005 | 20250923150423.0 | ||
| 008 | 008 250917s9999 xx 000 0 eng d | ||
| 037 | _aTextual | ||
| 040 |
_aDSWL _beng _cDSWL |
||
| 041 |
_aeng _2eng |
||
| 084 | _qDSWL | ||
| 100 |
_aParanjape, N V _9845767 |
||
| 245 | 0 |
_aCriminal and penology _cby N V Paranjape |
|
| 260 |
_aDelhi _b Central Law Pub. _c2019 |
||
| 300 | _a1008 p. | ||
| 365 |
_aINR _b750 |
||
| 925 | _g750 | ||
| 942 | _cTEXL | ||
| 999 |
_c1463259 _d1463259 |
||